First sub-region (Record no. 58060)

MARC details
000 -LEADER
fixed length control field 00901cab a2200253 4500
001 - CONTROL NUMBER
control field WB3507-20
008 - FIXED-LENGTH DATA ELEMENTS--GENERAL INFORMATION
fixed length control field 090401t1999 xxu||||| |||| 00| 0 eng d
035 ## - SYSTEM CONTROL NUMBER
System control number (Sirsi) u91455
041 ## - LANGUAGE CODE
Language code of text/sound track or separate title eng
245 ## - TITLE STATEMENT
Title First sub-region
260 ## - PUBLICATION, DISTRIBUTION, ETC.
Date of publication, distribution, etc. 1999
350 ## - PRICE (NR) (BK AM CF MU VM SE) [OBSOLETE]
Price 0
490 ## - SERIES STATEMENT
Series statement Financial Times
Volume/sequential designation 19 February 1999, 12(1)
520 ## - SUMMARY, ETC.
Summary, etc. Business leaders in Teesside have launched a campaign to become the first English sub-region to create a single enterprise company merging the area`s Training and Enterprise Council, Business Link and the inward investment and tourism activities of all the local authorities.
650 ## - SUBJECT ADDED ENTRY--TOPICAL TERM
Topical term or geographic name entry element ECONOMIC DEVELOPMENT
650 ## - SUBJECT ADDED ENTRY--TOPICAL TERM
Topical term or geographic name entry element ENTERPRISE COMPANY
650 ## - SUBJECT ADDED ENTRY--TOPICAL TERM
Topical term or geographic name entry element REGIONAL DEVELOPMENT AGENCIES
650 ## - SUBJECT ADDED ENTRY--TOPICAL TERM
Topical term or geographic name entry element REGIONAL DEVELOPMENT
650 ## - SUBJECT ADDED ENTRY--TOPICAL TERM
Topical term or geographic name entry element SUB-REGIONS
650 ## - SUBJECT ADDED ENTRY--TOPICAL TERM
Topical term or geographic name entry element TEESSIDE
690 ## - LOCAL SUBJECT ADDED ENTRY--TOPICAL TERM (OCLC, RLIN)
Topical term or geographic name as entry element PROPERTY-PROPERTY DEVELOPMENT
942 ## - ADDED ENTRY ELEMENTS (KOHA)
Suppress in OPAC 0
948 ## - LOCAL PROCESSING INFORMATION (OCLC); SERIES PART DESIGNATOR (RLIN)
c (OCLC) 19/02/1999
Holdings
Withdrawn status Lost status Source of classification or shelving scheme Damaged status Not for loan Home library Current library Shelving location Date acquired Total Checkouts Full call number Barcode Date last seen Copy number Price effective from Koha item type
    Dewey Decimal Classification     London London News article 14/09/1999   WB3507-20 91455-1001 06/08/2019 1 06/08/2019 News article